000 00622cam a22002173a 4500
001 41988
003 PGUSA
005 20140828083939.0
008 130203s2013||||xxu|||||s|||||000 | eng d
040 _aPGUSA
_beng
042 _adc
100 1 _aSienkiewicz, Henryk,
_d1846-1916
245 1 0 _aLet us follow Him
_h[electronic resource] /
_cHenryk Sienkiewicz
260 _bProject Gutenberg,
_c2013
506 _aPublic domain in the USA.
516 _aElectronic text
700 1 _aCurtin, Jeremiah,
_d1835-1906
830 0 _aProject Gutenberg
_v41988
856 4 0 _uhttp://www.gutenberg.org/ebooks/41988
942 _cEB
999 _c271240
_d271240